Windows me complete. (Record no. 90)
[ view plain ]
| 000 -LEADER | |
|---|---|
| fixed length control field | 00437cam a2200181ua 4500 |
| 008 - FIXED-LENGTH DATA ELEMENTS--GENERAL INFORMATION | |
| fixed length control field | 110406n ii |||gr||||Z||||||eng |
| 020 ## - INTERNATIONAL STANDARD BOOK NUMBER | |
| International Standard Book Number | 81-7656-363-3 |
| 040 ## - CATALOGING SOURCE | |
| Transcribing agency | MAIN |
| 082 ## - DEWEY DECIMAL CLASSIFICATION NUMBER | |
| Classification number | 005.4 |
| 245 ## - TITLE STATEMENT | |
| Title | Windows me complete. |
| Statement of responsibility, etc. | By Sybex Inc. |
| 250 ## - EDITION STATEMENT | |
| Edition statement | 1st. / |
| Remainder of edition statement | edited by. |
| 260 ## - PUBLICATION, DISTRIBUTION, ETC. | |
| Place of publication, distribution, etc. | New Delhi.: |
| Name of publisher, distributor, etc. | BPB., |
| Date of publication, distribution, etc. | 2001. |
| 700 1# - ADDED ENTRY--PERSONAL NAME | |
| Personal name | Inc, Sybex., |
| 942 ## - ADDED ENTRY ELEMENTS (KOHA) | |
| Koha item type | Books |
| 653 ## - INDEX TERM--UNCONTROLLED | |
| Uncontrolled term | Computer Science. |
| 653 ## - INDEX TERM--UNCONTROLLED | |
| Uncontrolled term | Windows me complete. |
| Withdrawn status | Lost status | Damaged status | Not for loan | Home library | Current library | Shelving location | Date acquired | Total Checkouts | Full call number | Barcode | Date last seen | Copy number | Price effective from | Koha item type |
|---|---|---|---|---|---|---|---|---|---|---|---|---|---|---|
| Central Library, Naharkatiya College | Central Library, Naharkatiya College | General Stacks | 19/09/2020 | 005.4 | WIN | 6366 | 19/09/2020 | 1 | 19/09/2020 | Books |
